Counselling adolescents: The proactive approach for young people (Record no. 19187)

MARC details
000 -LEADER
fixed length control field 00525nam a2200181Ia 4500
008 - FIXED-LENGTH DATA ELEMENTS--GENERAL INFORMATION
fixed length control field 230917s9999||||xx |||||||||||||| ||und||
020 ## - ISBN
Price GBP28.99
040 ## - CATALOGING SOURCE
-- 234134
Original cataloging agency VIVEKANANDA LIBRARY
041 ## - Language
-- English
082 ## - DDC NUMBER
Classification number 155.5 G281C(4)
100 ## - MAIN ENTRY--PERSONAL NAME
Personal name Geldard, Kathryn
245 #0 - TITLE STATEMENT
Title Counselling adolescents: The proactive approach for young people
250 ## - EDITION STATEMENT
Edition statement 4th ed.
260 ## - PUBLICATION, DISTRIBUTION, ETC. (IMPRINT)
Place of publication, distribution, etc Los Angeles
Name of publisher, distributor, etc Sage Publications
Date of publication, distribution, etc 2016
300 ## - PHYSICAL DESCRIPTION
Pages viii, 348 p.
500 ## - GENERAL NOTE
General note 2382 08/09/2016 APD16/1039401 12/09/2016 Main Budget
942 ## - ADDED ENTRY ELEMENTS (KOHA)
Koha item type Books
Holdings
Withdrawn status Lost status Damaged status Not for loan Location (home branch) Sublocation or collection (holding branch) Date acquired Koha issues (times borrowed) Koha full call number Accession No. Koha date last seen Koha item type
        VIVEKANANDA LIBRARY VIVEKANANDA LIBRARY 03/10/2016 1 155.5 G281C(4) 353636 15/05/2025 Books
        VIVEKANANDA LIBRARY VIVEKANANDA LIBRARY 03/10/2016   155.5 G281C(4) 358345 17/09/2023 Books
© Designed and Maintained by Vivekananda Library, MDU Rohtak